| 000 | 00619 a2200241 4500 | ||
|---|---|---|---|
| 003 | DLC | ||
| 005 | 20260325145629.0 | ||
| 008 | 2022s2022 xx 000 0 eng d | ||
| 020 | _a9780367896614 | ||
| 040 |
_aDLC _beng |
||
| 050 | 4 | _aRT51 .D48 2022 | |
| 100 | 1 |
_aNicola, Neale _eauthor. |
|
| 245 | 1 | 0 |
_aDeveloping Practical Nursing Skills _cedited by Nicola, Neale and Joanne Sale |
| 250 | _a5th ed. | ||
| 264 | 1 |
_bTaylor & Francis Group _c2022 |
|
| 300 | _axli, 827p. ill | ||
| 336 | _2koha | ||
| 338 | _2koha | ||
| 650 | 0 | _aNursing | |
| 650 | 0 | _aClinical competence | |
| 650 | 0 | _aNursing | |
| 942 |
_2lcc _cBK |
||
| 999 |
_c44168 _d44168 |
||